000 00323 a2200133 4500
005 20250625090653.0
020 _a0-7747-3278-4
082 _a808.042 GRE
100 _aGREEN, B.
245 _aParagraph Essentials.
260 _aNew York
_bHarcourt Brace Canada
_c1995.
300 _axv, 400.:
_bIndex
_c23cm
942 _2ddc
_cBKS
999 _c4965
_d4965